Normal view MARC view
  • BEE-58

Entry Geographic Name

Number of records used in: 3

001 - CONTROL NUMBER

  • control field: 131723

003 - CONTROL NUMBER IDENTIFIER

  • control field: NUST

005 - DATE AND TIME OF LATEST TRANSACTION

  • control field: 20251106184306.0

008 - FIXED-LENGTH DATA ELEMENTS

  • fixed length control field: 251106|| aca||aabn | a|a d

040 ## - CATALOGING SOURCE

  • Original cataloging agency: NUST
  • Transcribing agency: NUST

151 ## - HEADING--GEOGRAPHIC NAME

  • Geographic name: BEE-58

670 ## - SOURCE DATA FOUND

  • Source citation: Work cat.: (NUST): Basit, Abdul (BEE-58) 131722, Lane Detection and Warning System /, 2025
© 2023 Central Library, National University of Sciences and Technology. All Rights Reserved.